Financovanie samosprávy obcí od roku 2005 podkladová štúdia

Bibliographic Details
Main Authors: Nižňanský, Viktor 1953- (Author), Valentovič, Martin (Author)
Format: Book
Language:Slovak
PhysicalDescription:26 s., 22 s. príl. grafy, tab., fotogr. 30 cm
Published: Bratislava M.E.S.A.10 - Centrum pre ekonomické a sociálne analýzy 2004
ISBN:8089177034
Edition:[1. vyd.]
Subjects:

MARC

LEADER 00000nam a2200000 a 4500
001 vtls001485204
003 SK-MaSNL
005 20260425222534.0
008 240226s2004 xo dl f 000 0dslo
015 |a SNBA2005/10-03848 
020 |a 8089177034  |q (brož.) 
035 |a SNK000440497 
035 |a urn:nbn:sk:snk-amtien 
035 |a urn:nbn:sk:snk-am00c4y7 
035 |a 021A055B-4217-41FF-8A9B-0401705E8BC5 
040 |a SNK  |b slo  |c SNK  |e AACR2 
041 0 |a slo 
043 |a e-xo--- 
044 |a xo  |c SK 
072 7 |a 336.1/.5  |x Verejné financie  |2 konspekt 
080 |a 352.073.52  |2 MDT-MRF 
080 |a 352  |2 MDT-MRF 
080 |a 351.72  |2 MDT-MRF 
080 |a (437.6)  |2 MDT-MRF 
080 |a (048.8)  |2 MDT-MRF 
080 |a 336.1/.5  |2 MDT-MRF 
100 1 |a Nižňanský, Viktor  |d 1953-  |4 aut  |9 159370 
245 1 0 |a Financovanie samosprávy obcí od roku 2005  |b podkladová štúdia  |c Viktor Nižňanský, Martin Valentovič 
250 |a [1. vyd.] 
260 |a Bratislava  |b M.E.S.A.10 - Centrum pre ekonomické a sociálne analýzy  |c 2004 
300 |a 26 s., 22 s. príl.  |b grafy, tab., fotogr.  |c 30 cm 
500 |a Názov z obalu 
504 |a Bibliogr. 
650 0 7 |a verejné financie  |2 SNKPH  |9 2204 
650 0 7 |a miestne financie  |2 SNKPH  |9 304752 
650 0 7 |a územná správa  |2 SNKPH  |9 801 
650 0 7 |a obce  |2 SNKPH  |9 2935 
651 7 |a Slovensko  |2 SNKPHgeo  |9 14231 
655 7 |a štúdie  |2 SNKPH  |9 57033 
700 1 |a Valentovič, Martin  |4 aut  |9 304753 
919 |a 80-89177-03-4 
958 |a OND 
968 |d 35/354 
999 |c 560355  |d 562285 
952 |t P60, <03>, [BOOK], {603}, -K-  |a SNK  |b SNK  |y PREZ  |7 0  |p 17A0450580  |o snkSB 69539  |i snkKSP 14413/2004  |0 0  |1 0  |4 0  |d 2004-11-10  |f 1  |l 0  |r 2025-04-23 00:00:00  |w 2026-02-23 
952 |t P60, <04>, [BOOK], {604}, -W-  |a SNK  |b SNK  |y VYP  |7 0  |p 17A0450581  |o snkSB 69539 D1  |i snkKSP 14414/2004  |0 0  |1 0  |4 0  |d 2004-11-10  |l 0  |r 2005-01-02 00:00:00  |w 2026-02-23